Normal view
MARC view
- Cartwright R & Collins M
Entry Personal Name
001 - CONTROL NUMBER
- control field: 215099
003 - CONTROL NUMBER IDENTIFIER
- control field: OSt
005 - DATE AND TIME OF LATEST TRANSACTION
- control field: 20251118163801.0
008 - FIXED-LENGTH DATA ELEMENTS
- fixed length control field: 251118|| aca||aabn | a|a d
040 ## - CATALOGING SOURCE
- Original cataloging agency: OSt
- Transcribing agency: OSt
100 ## - HEADING--PERSONAL NAME
- Personal name: Cartwright R & Collins M
670 ## - SOURCE DATA FOUND
- Source citation: Work cat.: (OSt)90502: Cartwright R 215098, The handbook for managing yourself, 2001